书目信息 |
| 题名: |
马铃薯繁育栽培与贮藏技术
|
|
| 作者: | 徐洪海 编著 | |
| 分册: | ||
| 出版信息: | 北京 化学工业出版社 2010 |
|
| 页数: | 226页 | |
| 开本: | 21cm | |
| 丛书名: | ||
| 单 册: | ||
| 中图分类: | S532 | |
| 科图分类: | ||
| 主题词: | 马铃薯--良种繁育 , 马铃薯--蔬菜园艺 , 马铃薯--贮藏 , 马铃薯 , 良种繁育 , 蔬菜园艺 , 贮藏 | |
| 电子资源: | ||
| ISBN: | 978-7-122-09476-6 | |
| 000 | 01022nam0 2200301 45 | |
| 001 | 1132086327 | |
| 005 | 20110314092018.45 | |
| 010 | @a978-7-122-09476-6@dCNY15.00 | |
| 100 | @a20110122d2010 em y0chiy50 ea | |
| 101 | 0 | @achi |
| 102 | @aCN@b110000 | |
| 105 | @aa z 000yy | |
| 106 | @ar | |
| 200 | 1 | @a马铃薯繁育栽培与贮藏技术@AMa Ling Shu Fan Yu Zai Pei Yu Zhu Cang Ji Shu@f徐洪海编著@FXu Hong Hai Bian Zhu |
| 210 | @a北京@c化学工业出版社@d2010 | |
| 215 | @a226页@c图@d21cm | |
| 330 | @a本书主要介绍了马铃薯的营养价值和用途、马铃薯生物特性与种植制度、马铃薯引种与良种繁育技术、马铃薯脱毒种薯繁育技术、马铃薯高产栽培技术、马铃薯高效栽培技术、马铃薯主要病虫害防治技术、马铃薯收获与贮藏技术等。 | |
| 606 | 0 | @a马铃薯@x良种繁育 |
| 606 | 0 | @a马铃薯@x蔬菜园艺 |
| 606 | 0 | @a马铃薯@x贮藏 |
| 606 | 0 | @a马铃薯 |
| 606 | 0 | @a良种繁育 |
| 606 | 0 | @a蔬菜园艺 |
| 606 | 0 | @a贮藏 |
| 690 | @aS532@v4 | |
| 701 | 0 | @a徐洪海@AXu Hong Hai@4编著 |
| 801 | 0 | @aCN@bTANGWEI@c20110314 |
| 905 | @b0532458-62@dS532@e44@f5 | |
| 马铃薯繁育栽培与贮藏技术/徐洪海编著.-北京:化学工业出版社,2010 |
| 226页:图;21cm |
| ISBN 978-7-122-09476-6:CNY15.00 |
| 本书主要介绍了马铃薯的营养价值和用途、马铃薯生物特性与种植制度、马铃薯引种与良种繁育技术、马铃薯脱毒种薯繁育技术、马铃薯高产栽培技术、马铃薯高效栽培技术、马铃薯主要病虫害防治技术、马铃薯收获与贮藏技术等。 |
| ● |
| 相关链接 |
|
|
|
|
正题名:马铃薯繁育栽培与贮藏技术
索取号:S532/44
 
预约/预借
| 序号 | 登录号 | 条形码 | 馆藏地/架位号 | 状态 | 备注 |
| 1 | 0532458 | 205324585 | 第二样本阅览室/ [索取号:S532/44] | 在馆 | |
| 2 | 0532459 | 205324594 | 第三借阅区/ [索取号:S532/44] | 在馆 | |
| 3 | 0532460 | 205324601 | 第三借阅区/ [索取号:S532/44] | 在馆 | |
| 4 | 0532461 | 205324610 | 第三借阅区/ [索取号:S532/44] | 在馆 | |
| 5 | 0532462 | 205324629 | 密集书库-生命科学系/ [索取号:S532/44] | 在馆 |